Die römisch-deutschen Könige und Kaiser von 911 bis 1519 - Statistiken

Allgemein
  • Dieses Quiz wurde 581 mal gespielt
  • Das Durchschnittsergebnis liegt bei 22 aus 34
Antwortstatistiken
Regierungszeit König/Kaiser Herrscherhaus % Korrekt
963-973 Otto I. Ottone
96%
973-983 Otto II. Ottone
96%
983-1002 Otto III. Ottone
96%
1198/1209-1212/1218 Otto IV. Welfe
96%
1152-1190 Friedrich I. Barbarossa Staufer
91%
1212-1250 Friedrich II. Staufer
91%
1440-1493 Friedrich III. Habsburger
91%
1346-1378 Karl IV. Luxemburger
88%
919-936 Heinrich I. Ottone
84%
1002-1024 Heinrich II. Ottone
84%
1039-1056 Heinrich III. Salier
84%
1056-1106 Heinrich IV. Salier
84%
1106-1125 Heinrich V. Salier
84%
1190-1187 Heinrich VI. Staufer
84%
1308-1313 Heinrich VII. Luxemburger
84%
911-918 Konrad I. Konradiner
75%
1024-1039 Konrad II. Salier
75%
1138-1152 Konrad III. Staufer
75%
1250-1254 Konrad IV. Staufer
75%
1314-1347 Ludwig IV. der Bayer Wittelsbacher
71%
1254-1256 Wilhelm von Holland
66%
1493-1519 Maximilian I. Habsburger
60%
1273-1291 Rudolf I. Habsburger
46%
1257-1272 Richard von Cornwall
40%
1198-1208 Philipp von Schwaben Staufer
34%
1411-1437 Sigismund Luxemburger
34%
1125-1137 Lothar III. Supplinburger
33%
1298-1308 Albrecht I. Habsburger
31%
1438-1439 Albrecht II. Habsburger
31%
1292-1298 Adolf von Nassau Nassauer
28%
1376-1400 Wenzel Luxemburger
28%
1257-1273 Alfons von Kastilien
19%
1400-1410 Ruprecht von der Pfalz Wittelsbacher
18%
1410-1411 Jobst von Mähren Luxemburger
13%
Keine übereinstimmenden Quizze gefunden
Verteilung der Resultate
Anzahl Personen mit jedem Resultat
Perzentil nach korrekt beantworteten Fragen
Ihre Resultats-Entwicklung
Sie haben dieses Quiz noch nicht gespielt